000 00670nam a2200241Ia 4500
003 OSt
005 20221005093118.0
006 a|||||r|||| 00| 0
007 ta
008 221004b |||||||| |||| 00| 0 eng d
024 _a18161
037 _bGift, 28/05/2015,
_cTextual
040 _aCRL
_cCRL
_beng
041 _2eng
_aeng
082 _aO111,3L89:g, K2
100 _aRings Donald A
_9618102
245 0 _aJames Fenimore Cooper
260 _aNew York
_bTwayne Pub USA
_c1962
300 _a175p.
_ccm.
650 _aENGLISH LITERATURE
942 _hO111,3L89:g, K2
_cTEXL
_2cc
999 _c999839
_d999839